000 00475nam a22001697a 4500
005 20240212023131.0
008 240212b |||||||| |||| 00| 0 eng d
020 _a674539141
082 _222
_a307.72.
_bLAM.
100 _aTullis, F. lamond.
245 _aLord and peasant in Peru :
_bA paradigm of political and social change /
260 _aLondon.,
_bOxford university press ,
_c1970.
300 _aix, 295.
650 _apolitical
650 _asocial change
942 _cL
999 _c371
_d371